00641nam a2200193 a 450000500170000000800410001703500190005810000290007722200620010624501260016830000100029436200350030465300270033965300280036665300080039490400150040290500130041799900170043020210219153056.0991125n 000 0 spa u aUPN01000076534 aVELASCO ROMERO, Oscar F. aPEDAGOGIA : REVISTA DE LA UNIVERSIDAD PEDAGOGICA NACIONAL aLa enseñanza de la lengua extranjera como parte de la extensión universitaria de la Universidad Pedagógica Nacional a63-66 a1989 Vol. 6, no. 18, abr.-jun.0 aENSEÑANZA DE IDIOMAS0 aEXTENSION UNIVERSITARIA0 aUPN aACb014345 aArticulo c67843d67843